| 000 | 00411nam a2200181Ia 4500 | ||
|---|---|---|---|
| 001 | 14231 | ||
| 005 | 20260306164859.0 | ||
| 008 | 260306t2011||||xx |||||||||||||| ||spa|| | ||
| 041 | _aESP | ||
| 082 |
_a510.073 _bF49 2011 |
||
| 100 |
_aFigueroa García, Ricardo _eAUT |
||
| 245 | 0 | _aMatemática Básica 1 | |
| 260 | _c2011 | ||
| 300 |
_a _c |
||
| 650 | _aGEN | ||
| 654 | _aCMA | ||
| 942 |
_cLIB _dJUS _fJUS _2ddc _n |
||
| 999 |
_c14231 _d14231 |
||